NLSUI OPAC header image

Banking ombudsman in India and the international sphere - an analysis (Record no. 217200)

MARC details
000 -LEADER
fixed length control field 00467nam a2200133Ia 4500
005 - DATE AND TIME OF LATEST TRANSACTION
control field 20260209120135.0
008 - FIXED-LENGTH DATA ELEMENTS--GENERAL INFORMATION
fixed length control field 260209s9999||||xx |||||||||||||| ||und||
100 ## - MAIN ENTRY--PERSONAL NAME
Personal name Arpita Singh
245 #0 - TITLE STATEMENT
Title Banking ombudsman in India and the international sphere - an analysis
260 ## - PUBLICATION, DISTRIBUTION, ETC.
Place of publication, distribution, etc. BangaloreBangalore
Name of publisher, distributor, etc. NLSIU
Date of publication, distribution, etc. 2015
300 ## - PHYSICAL DESCRIPTION
Extent 91 p. ; 25 cm.
700 ## - ADDED ENTRY--PERSONAL NAME
Personal name Dr. Prashant S Desai - GuideDr. Prashant S Desai - Guide
856 ## - ELECTRONIC LOCATION AND ACCESS
Uniform Resource Identifier <a href="https://dans.nls.ac.in/handle/123456789/1707">https://dans.nls.ac.in/handle/123456789/1707</a>
Holdings
Withdrawn status Lost status Damaged status Not for loan Home library Current library Date acquired Total Checkouts Barcode Date last seen Price effective from Koha item type
        . . 09.02.2026   LLM565 09.02.2026 09.02.2026 Dissertation